Recollections and reflections
| Titel: | Recollections and reflections : how I turned despair into an appreciation of life / Jack Brauns |
|---|---|
| Verfasser: | |
| Veröffentlicht: | Edgware : Vallentine Mitchell, 2007 |
| Umfang: | 286 Seiten : Illustrationen |
| Format: | Buch |
| Sprache: | Englisch |
| Schriftenreihe/ mehrbändiges Werk: |
The library of Holocaust testimonies |
| RVK-Notation: | |
| ISBN: | 0853037493 ; 9780853037491 |
| Hinweise zum Inhalt: |
Inhaltsverzeichnis
|
alg: 18528214 001A $00030:26-03-07 001B $01999:20-12-24 $t07:58:45.000 001D $00030:07-05-07 001U $0utf8 001X $00 002@ $0Aay 002C $aText $btxt $2rdacontent 002D $aohne Hilfsmittel zu benutzen $bn $2rdamedia 002E $aBand $bnc $2rdacarrier 003@ $0185282148 003O $0611821922 $aOCoLC 004A $00-85303-749-3 $A978-0-85303-749-1 007A $0185282148 $aHEB 007G $0DE020702C0A8BB10693A0C125795300418199 007T $0Herdhh185282148 009P $qapplication/pdf $A2 $3Inhaltsverzeichnis $uhttp://scans.hebis.de/HEBCGI/show.pl?18528214_toc.pdf $mV:DE-603;B:DE-Mb50 010@ $aeng 011@ $a2007 013D $RQuelle $RBericht $RTagebuch $#Personal narratives $#Récits personnels $#Augenzeugenbericht Formschlagwort $#Eindrücke Formschlagwort $#Erlebnisgeschichte $#Reportage Formschlagwort $#Erfahrungsbericht $#Persönlicher Bericht $74133254-4 $8Erlebnisbericht [Ts1] $9085482919 021A $aRecollections and reflections $dhow I turned despair into an appreciation of life $hJack Brauns 028A $BVerfasser $4aut $71071421646 $8Brauns, Jack$Z1924- [Tp1] $9359225497 033A $pEdgware $nVallentine Mitchell 034D $a286 Seiten 034M $aIllustrationen 036G $aThe @library of Holocaust testimonies 044K $#Kaunas $#Kowno $#Kauen Litauen $#Kovno $#Kauen $#Kaunus $#Kowna $#קובנא $74217158-1 $8Kaunas [Tg1] $9086119346 044K $RLitovskaja Gubernija $RLitauische Sozialistische Sowjetrepublik $#Litauen $#Litauen $#Lithuania $#Lietuvos Respublika $#République Lithuanienne $#Lithuanie $#Litva 1918 - 1940, 1991, 9 - $#Litovskaja Respublika $#Lithuania 1918 - 1940, 1991, 9 - $#Republik Litauen $#Republic of Lithuania $#Lithuanian Republic $#Litauische Republik $#Lietuva $74074266-0 $8Litauen [Tg1] $9085209074 044K $RJudenverfolgung $RNationalsozialistisches Verbrechen $RVernichtungslager $#Holocaust, Jewish (1939-1945) $#Shoah $#Holocausto judío (1939-1945) $#Endlösung $#Holocaust $#Holokaust $#Judenfrage Endlösung $#Schoah $#Shoah $#Shoʾah $#Shoa $#Drittes Reich Judenvernichtung $#Šô'ā $#Juden Vernichtung $74073091-8 $8Judenvernichtung [Ts1] $9085205818 044K $RLebensalter $#Children $#Enfants $#Bambini $#children $#Child $#Kinder $#Kind $#Kindheit $#Kindheit $#Kindesalter $#Kindschaft $#Kinder $74030550-8 $8Kind [Tsz] $908508090X 044K $RMigration $RInternationale Migration $RAuswanderer $RExil $#Emigration and immigration $#Émigration et immigration $#Auswanderung $#Auswanderung $#Emigration $#Emigration Auswanderung $74003920-1 $8Auswanderung [Ts1] $9085002232 044K $RKonföderierte Staaten von Amerika $#USA $#USA $#United States of America $#Vereinigte Staaten von Amerika $#Nordamerika USA $#Amerika USA $#United States $#United States of America $#Etats Unis $#Etats-Unis $#Vereinigte Staaten $#Estados Unidos de America $#EEUU $#Vereinigte Staaten von Nordamerika $#Soedinennye Štaty Ameriki $#SŠA $#Stany Zjednoczone Ameryki Północnej $#Hēnōmenai Politeiai tēs Boreiu Amerikēs $#Hēnōmenes Politeies tēs Amerikēs $#HēPA $#Ēnōmenes Politeies tēs Amerikēs $#ĒPA $#Meiguo $#Etats-Unis d'Amérique $#US $74078704-7 $8USA [Tgz] $908522331X 045B $a940.5318092 045B $a973.049240092 $aB $ALoC $eDDC22oclc 045F $a900.947930904 $eDDC23BSB 045F/01 $a900 045F/03 $f0904 045F/03 $g4793 045F/03 $g43 045G $a909.04924094793 $eDDC23BSB 045G/01 $a909.04924 045G/03 $g4793 045Z $8NQ 2360 [Tkv] $9410912263 lok: 18528214 3 101B $022-05-07 $t14:39:04.000 101C $007-05-07 101U $0utf8 144Z/20 $aj07mai 145S/06 $a770 145Z/01 $a900 T 100 De 5263 g exp: 18528214 3 1 #EPN 201B/01 $007-05-07 $t13:39:46.000 201C/01 $026-03-07 201U/01 $0utf8 203@/01 $0502263415 208@/01 $a07-05-07 $bzAa 209A/01 $a13.506.62 $du $f000 $h13 506 62 $x00 209G/01 $a13506620 $x00 247C/01 $8601000-3 <30>Frankfurt, Universitätsbibliothek J. C. Senckenberg, Zentralbibliothek (ZB) $9102598258 lok: 18528214 24 101B $016-11-09 $t16:34:05.000 101C $016-11-09 101U $0utf8 145Z/01 $a45 8 K 1 145Z/02 $a26 5 Fa 145Z/03 $a45 3 F 145Z/04 $a57 USA 145Z/05 $a45 7 Nk 145Z/06 $a3 7 Nk exp: 18528214 24 1 #EPN 201B/01 $016-11-09 $t16:34:05.000 201C/01 $029-09-09 201U/01 $0utf8 203@/01 $0582147913 208@/01 $a16-11-09 $bz 209A/01 $a09.7011 $du $f050 $h09 7011 $x00 209C/01 $a09.7011 K $h09 7011 K 209G/01 $a72507347 $x00 220C/01 $amar/hae 247C/01 $8358050-7Marburg, Bibliothek des Herder-Instituts Marburg $9102600961 lok: 18528214 78 exp: 18528214 78 1 #EPN 201B/01 $019-04-17 $t20:44:31.000 201U/01 $0utf8 203@/01 $0793573521 208@/01 $a12-11-16 $be 209A/01 $a/ $f000 $x00 237A/01 $aweiterführende Signatur(en): 09.7011 244Z/01 $aKaunas $x01 244Z/01 $aLitauen $x02 244Z/01 $aJudenvernichtung $x03 244Z/01 $aKind $x04 244Z/01 $aAuswanderung $x05 244Z/01 $aUSA $x06 244Z/01 $2Trx $8--Trx--Monographie $x07 $9391384546 247C/01 $82080>Marburg/Lahn, Herder-Institut, Forschungsbibliothek, Bibliographieportal $9336309341
| LEADER | 00000cam a22000002c 4500 | ||
|---|---|---|---|
| 001 | 185282148 | ||
| 003 | DE-603 | ||
| 005 | 20241220075845.0 | ||
| 007 | tu | ||
| 008 | 070326s2007 xx |||| | u00||u|eng c | ||
| 020 | |a 0853037493 | ||
| 020 | |a 9780853037491 | ||
| 035 | |a (DE-599)HEB185282148 | ||
| 035 | |a (OCoLC)611821922 | ||
| 040 | |a DE-603 |b ger |c DE-603 |d DE-603 | ||
| 041 | |a eng | ||
| 082 | 0 | 4 | |8 1\u |a 900.947930904 |q DE-101 |2 23/BSB |
| 083 | 0 | |8 2\u |a 909.04924094793 |q DE-101 |2 23/BSB | |
| 083 | 7 | |a 940.5318092 | |
| 083 | 7 | |8 3\p |a 973.049240092 |a B |2 22/oclc | |
| 084 | |a NQ 2360 |0 (DE-625)128255: |0 (DE-603)410912263 |2 rvk | ||
| 085 | |8 1\u |b 900 | ||
| 085 | |8 1\u |z 1 |s 0904 | ||
| 085 | |8 1\u |z 2 |s 4793 | ||
| 085 | |8 1\u |z 2 |s 43 | ||
| 085 | |8 2\u |b 909.04924 | ||
| 085 | |8 2\u |z 2 |s 4793 | ||
| 100 | 1 | |a Brauns, Jack |d 1924- |e Verfasser |4 aut |0 (DE-603)359225497 |0 (DE-588)1071421646 |2 gnd | |
| 245 | 0 | 0 | |a Recollections and reflections |b how I turned despair into an appreciation of life |c Jack Brauns |
| 264 | 1 | |a Edgware |b Vallentine Mitchell |c 2007 | |
| 300 | |a 286 Seiten |b Illustrationen | ||
| 336 | |a Text |b txt |2 rdacontent | ||
| 337 | |a ohne Hilfsmittel zu benutzen |b n |2 rdamedia | ||
| 338 | |a Band |b nc |2 rdacarrier | ||
| 490 | 0 | |a The library of Holocaust testimonies | |
| 650 | 7 | |a Judenvernichtung |0 (DE-588)4073091-8 |0 (DE-603)085205818 |2 gnd | |
| 650 | 7 | |a Kind |0 (DE-588)4030550-8 |0 (DE-603)08508090X |2 gnd | |
| 650 | 7 | |a Auswanderung |0 (DE-588)4003920-1 |0 (DE-603)085002232 |2 gnd | |
| 651 | 7 | |a Kaunas |0 (DE-588)4217158-1 |0 (DE-603)086119346 |2 gnd | |
| 651 | 7 | |a Litauen |0 (DE-588)4074266-0 |0 (DE-603)085209074 |2 gnd | |
| 651 | 7 | |a USA |0 (DE-588)4078704-7 |0 (DE-603)08522331X |2 gnd | |
| 655 | 7 | |a Erlebnisbericht |2 gnd-content |0 (DE-588)4133254-4 |0 (DE-603)085482919 | |
| 856 | 4 | 2 | |m V:DE-603;B:DE-Mb50 |q application/pdf |u http://scans.hebis.de/HEBCGI/show.pl?18528214_toc.pdf |3 Inhaltsverzeichnis |
| 883 | 0 | |8 3\p |q LoC | |
| 924 | 0 | |9 30 |a (DE-603)502263415 |b DE-30 |c HES |d c |g 13.506.62 | |
| 924 | 0 | |9 Mb 50 |a (DE-603)582147913 |b DE-Mb50 |c HES |d c |g 09.7011 | |
| 924 | 0 | |9 2080 |a (DE-603)793573521 |b DE-2080 |c HES |d d |g / | |


